LEADER 00978nam a2200229 i 4500 001 991001599779707536 008 120221s1971 it 001 0 ita d 035 $ab14039941-39ule_inst 040 $aDip.to SSC$bita 082 0 $a953 100 1 $aCepollaro, Armando$0300812 245 10$aAppunti di storia e istituzioni musulmane :$bCagliari, anno accademico 1970-71 /$cdettati dal prof. Armando Cepollaro 260 $aCagliari :$bs.n.,$c1971 300 $avi, 236 p. ;$c24 cm 500 $aIn testa al front.: Università degli Studi di Cagliari, Facoltà di Giurisprudenza, Corso di Laurea in Scienze Politiche 650 4$aMusulmani$xStoria 907 $a.b14039941$b17-12-18$c21-02-12 912 $a991001599779707536 945 $aLE021 SOC III 057$g1$i2021000205910$lle021$o-$pE35.00$q-$rl$s- $t0$u0$v0$w0$x0$y.i15385632$z28-02-12 996 $aAppunti di storia e istituzioni musulmane$91747510 997 $aUNISALENTO 998 $ale021$b21-02-12$cm$da $e-$fita$git $h0$i0 LEADER 01877oam 2200565M 450 001 9910715521503321 005 20191121064217.5 035 $a(CKB)5470000002512843 035 $a(OCoLC)1065561751 035 $a(OCoLC)995470000002512843 035 $a(EXLCZ)995470000002512843 100 $a20070221d1837 ua 0 101 0 $aeng 135 $aurcn||||||||| 181 $ctxt$2rdacontent 182 $cc$2rdamedia 183 $acr$2rdacarrier 200 10$aChastelain and Ponvert. (To accompany Bill H.R. No. 12.) December 14, 1837. Reprinted by order of the House of Representatives 210 1$a[Washington, D.C.] :$c[publisher not identified],$d1837. 215 $a1 online resource (1 page) 225 1 $aHouse report / 25th Congress, 2nd session. House ;$vno. 1 225 1 $a[United States congressional serial set ] ;$v[serial no. 333] 300 $aBatch processed record: Metadata reviewed, not verified. Some fields updated by batch processes. 300 $aFDLP item number not assigned. 517 $aChastelain and Ponvert. 606 $aClaims 606 $aBonds 606 $aMalicious mischief 606 $aVandalism 606 $aFires 606 $aMerchant ships 606 $aTariff 608 $aLegislative materials.$2lcgft 615 0$aClaims. 615 0$aBonds. 615 0$aMalicious mischief. 615 0$aVandalism. 615 0$aFires. 615 0$aMerchant ships. 615 0$aTariff. 701 $aCambreleng$b Churchill Caldom$f1786-1862$pDemocrat (NY)$01390606 801 0$bWYU 801 1$bWYU 801 2$bOCLCQ 801 2$bOCLCO 801 2$bOCLCQ 906 $aBOOK 912 $a9910715521503321 996 $aChastelain and Ponvert. (To accompany Bill H.R. No. 12.) December 14, 1837. Reprinted by order of the House of Representatives$93542322 997 $aUNINA